000 00742nam a2200205Ia 4500
999 _c39422
_d39422
001 6013
003 GE_BSU
005 20190902120249.0
008 181216s1969||||ge |||||||||||||| ||geo||
040 _cGE_BSU
041 _ageo
080 _a821.353.1-1 ა-19
100 _aაბრამია, პოლიო
_93851
245 _aლექსები /
_cპოლიო აბრამია ; რედ. ჯ. ნიქაბაძე.
264 _aთბილისი :
_bსაბჭოთა საქართველო ;
_c1969.
300 _a427 გვ. :
_bფოტო ;
_c17 სმ.
653 _aლექსები
700 _aნიქაბაძე, ჯ.
_eრედაქტორი
_93852
942 _cBK
_2udc